[Event "World Rapid Women 2018"]
[Site "St Petersburg RUS"]
[Date "2018.12.28"]
[Round "10.19"]
[White "Arabidze, Meri"]
[Black "Dordzhieva, Dinara"]
[Result "1-0"]
[WhiteTitle "IM"]
[BlackTitle "WIM"]
[WhiteElo "2387"]
[BlackElo "2340"]
[WhiteFideId "13604040"]
[BlackFideId "24157570"]
[EventDate "2018.12.26"]

1. d4 d5 2. c4 e6 3. Nc3 Nf6 4. cxd5 exd5 5. Bg5 Be7 6. e3 Nbd7 7. Bd3 c6 8. Qc2
Nh5 9. Bxe7 Qxe7 10. Nge2 g6 11. O-O O-O 12. Rab1 Nb6 13. Rfc1 Ng7 14. b4 a6 15.
a4 Bf5 16. b5 axb5 17. axb5 Nc4 18. Bxf5 Nxf5 19. Qd3 Ra2 20. Nxa2 1-0

[Event "World Rapid Women 2018"]
[Site "St Petersburg RUS"]
[Date "2018.12.28"]
[Round "10.20"]
[White "Nakhbayeva, Guliskhan"]
[Black "Shuvalova, Polina"]
[Result "0-1"]
[WhiteTitle "IM"]
[BlackTitle "WIM"]
[WhiteElo "2371"]
[BlackElo "2441"]
[WhiteFideId "13704788"]
[BlackFideId "24171760"]
[EventDate "2018.12.26"]

1. d4 Nf6 2. c4 e6 3. Nc3 d5 4. cxd5 Nxd5 5. e4 Nxc3 6. bxc3 c5 7. Rb1 Be7 8.
Nf3 O-O 9. Be2 b6 10. O-O Bb7 11. Qc2 Nd7 12. Rd1 cxd4 13. cxd4 Rc8 14. Qd3 Nf6
15. Nd2 Qd7 16. Bb2 Rfd8 17. f3 h6 18. Nf1 Qa4 19. Ne3 Qxa2 20. d5 Qa4 21. Ra1
Qd7 22. Rxa7 exd5 23. e5 Ne8 24. Bd4 Bc5 25. Rb1 Rc7 26. f4 Bc8 27. Bxc5 bxc5
28. Rxc7 Nxc7 29. Bg4 Ne6 30. f5 Nd4 31. f6 Qc7 32. Bxc8 Qxc8 33. h3 Qe6 34. Ng4
Qf5 35. Qxf5 Nxf5 36. fxg7 Kxg7 37. Rc1 c4 38. Kf2 Ra8 39. Nf6 Ra2+ 40. Kf3 Rd2
41. Kf4 Nh4 42. Ke3 Rd3+ 43. Kf2 Ng6 44. Nd7 h5 45. Rc2 h4 46. Nc5 Rg3 47. Rd2
c3 48. Re2 Nf4 49. Re3 c2 50. Nb3 Nd3+ 51. Ke2 Rxe3+ 52. Kxe3 c1=Q+ 53. Nxc1
Nxc1 54. Kd4 Kg6 55. Kxd5 Kf5 56. Kd4 Ne2+ 57. Ke3 Ng3 58. Kf3 Nh5 0-1

[Event "World Rapid Women 2018"]
[Site "St Petersburg RUS"]
[Date "2018.12.28"]
[Round "10.21"]
[White "Maltsevskaya, Aleksandra"]
[Black "Javakhishvili, Lela"]
[Result "0-1"]
[WhiteTitle "WGM"]
[BlackTitle "IM"]
[WhiteElo "2243"]
[BlackElo "2464"]
[WhiteFideId "24174041"]
[BlackFideId "13601458"]
[EventDate "2018.12.26"]

1. e4 c5 2. Nf3 e6 3. g3 Nc6 4. Bg2 Nf6 5. d3 e5 6. O-O Be7 7. Nc3 d6 8. Ne1 O-O
9. f4 exf4 10. gxf4 Nd4 11. Nf3 Bg4 12. Ne2 Nxf3+ 13. Bxf3 Bxf3 14. Rxf3 Re8 15.
Qf1 Bf8 16. c4 a6 17. Bd2 b5 18. b3 b4 19. Qg2 a5 20. Raf1 a4 21. Bc1 axb3 22.
axb3 Ra2 23. R3f2 g6 24. Kh1 Bg7 25. Ng3 Rxf2 26. Qxf2 Qa5 27. Qg2 Ra8 28. Bb2
Qa2 29. Ra1 Qxa1+ 30. Bxa1 Rxa1+ 31. Nf1 Nh5 32. Qf3 Bh6 33. f5 Rb1 34. fxg6
hxg6 35. Kg1 Rxb3 36. Qd1 Ra3 37. d4 Bg7 38. e5 Nf4 39. dxc5 dxc5 40. Qd8+ Kh7
41. Ng3 Bxe5 42. Qe7 Bd4+ 43. Kf1 Ra1+ 0-1

[Event "World Rapid Women 2018"]
[Site "St Petersburg RUS"]
[Date "2018.12.28"]
[Round "10.22"]
[White "Tsolakidou, Stavroula"]
[Black "Batsiashvili, Nino"]
[Result "0-1"]
[WhiteTitle "IM"]
[BlackTitle "GM"]
[WhiteElo "2387"]
[BlackElo "2459"]
[WhiteFideId "4264312"]
[BlackFideId "13602993"]
[EventDate "2018.12.26"]

1. d4 Nf6 2. c4 e6 3. g3 c5 4. d5 exd5 5. cxd5 d6 6. Nc3 g6 7. Bg2 Bg7 8. Nf3
O-O 9. O-O Re8 10. Bf4 Bf5 11. Bg5 h6 12. Bxf6 Qxf6 13. Nd2 g5 14. e4 Bd7 15. a4
Na6 16. Nc4 Nc7 17. e5 Rxe5 18. Nxe5 Qxe5 19. Re1 Qd4 20. Re7 Qxd1+ 21. Rxd1 Rd8
22. Ree1 a6 23. Rb1 Kf8 24. Ne4 Bxa4 25. Rec1 Bb3 26. Nc3 b5 27. Ne4 Ba2 28. Nd2
Bxb1 29. Rxb1 a5 30. b3 Ra8 31. Bf1 Ra7 32. Ne4 Be5 33. Kg2 f5 34. Nd2 Nxd5 35.
Nf3 Nc3 36. Re1 Re7 37. Re3 Bf6 38. Rd3 d5 39. Rd2 a4 40. bxa4 bxa4 41. Rb2 a3
42. Rb6 Kg7 43. Ra6 a2 44. Bd3 g4 45. Nd2 Re1 46. Nb3 c4 0-1

[Event "World Rapid Women 2018"]
[Site "St Petersburg RUS"]
[Date "2018.12.28"]
[Round "10.23"]
[White "Mkrtchian, Lilit"]
[Black "Solozhenkina, Elizaveta"]
[Result "1-0"]
[WhiteTitle "IM"]
[BlackTitle "WIM"]
[WhiteElo "2392"]
[BlackElo "2258"]
[WhiteFideId "13300601"]
[BlackFideId "34106615"]
[EventDate "2018.12.26"]

1. c4 e6 2. g3 d5 3. Bg2 Nf6 4. Nf3 d4 5. O-O c5 6. e3 Nc6 7. exd4 cxd4 8. d3
Bd6 9. Na3 e5 10. Nc2 a5 11. Bg5 h6 12. Bxf6 Qxf6 13. Nd2 Bb8 14. Na3 O-O 15.
Nb5 Bf5 16. Ne4 Qe7 17. a3 a4 18. Rc1 Ra5 19. b4 axb3 20. Qxb3 Be6 21. Rfe1 Rc8
22. Rb1 Ra6 23. Qb2 f5 24. Nd2 Bf7 25. Nxd4 Nxd4 26. Bxb7 Rac6 27. Bxc8 Rxc8 28.
Qxd4 Qxa3 29. Qd7 Rf8 30. Rb7 Qc3 31. Reb1 Ba7 32. Rxa7 Qxd2 33. Rb8 1-0

[Event "World Rapid Women 2018"]
[Site "St Petersburg RUS"]
[Date "2018.12.28"]
[Round "10.24"]
[White "Garcia Martin, Marta"]
[Black "Ambartsumova, Karina"]
[Result "1/2-1/2"]
[WhiteTitle "FM"]
[BlackTitle "WGM"]
[WhiteElo "2301"]
[BlackElo "2383"]
[WhiteFideId "32084030"]
[BlackFideId "4166299"]
[EventDate "2018.12.26"]

1. e4 c5 2. Nf3 e6 3. c3 d5 4. exd5 Qxd5 5. d4 Nf6 6. Be3 Nc6 7. Be2 cxd4 8.
cxd4 Bb4+ 9. Nc3 O-O 10. O-O Qd8 11. a3 Be7 12. Ne5 Bd7 13. Bf3 Rc8 14. Rc1 a6
15. Qb3 Na5 16. Qa2 Bd6 17. Rfd1 b5 18. Bg5 Be7 19. Nxd7 Qxd7 20. d5 exd5 21.
Bxf6 Bxf6 22. Nxd5 Qe6 23. Qb1 Bg5 24. Rxc8 Rxc8 25. g3 Nc4 26. h4 Nd2 27. Qd3
Nxf3+ 28. Qxf3 Be7 29. Kg2 Bf8 30. Rd2 h6 31. Re2 Qd6 32. Nc3 Qc6 33. Re4 a5 34.
h5 b4 35. axb4 axb4 36. Ne2 Qd5 37. Nf4 Qb7 38. Nd3 b3 39. g4 Qd5 40. Nf4 Qb7
41. Nd3 Rd8 42. Ne5 Rd2 43. Nc4 Rc2 44. Na5 Qd5 45. Nxb3 Rxb2 46. Re3 Qc4 47.
Rc3 Qb4 48. Nc1 Bc5 49. Ne2 Rxe2 50. Rxc5 Qxc5 51. Qxe2 Qd5+ 52. f3 g6 53. hxg6
fxg6 54. Qe8+ Kg7 55. Qe7+ Kg8 56. Kg3 Qd3 57. Qf6 Qc2 58. Qf4 Kg7 59. Qe5+ Kg8
60. Qe3 Kg7 61. f4 Qc7 62. Kh3 Kh7 63. Qf3 Kg7 64. Qf2 Qc3+ 65. Kg2 Qc6+ 66. Kh2
Qd6 67. Qg3 Kf7 68. Kh3 Qd5 69. Kh2 Qd2+ 70. Kh3 Qd1 71. Qg2 Qd3+ 72. Qg3 Qf1+
73. Kh2 Qd1 74. Qg2 Qd4 75. Qb7+ Kg8 76. Qc8+ Kg7 77. Qc7+ Kg8 78. Qc8+ 1/2-1/2

[Event "World Rapid Women 2018"]
[Site "St Petersburg RUS"]
[Date "2018.12.28"]
[Round "10.25"]
[White "Michna, Marta"]
[Black "Ovod, Evgenija"]
[Result "0-1"]
[WhiteTitle "WGM"]
[BlackTitle "IM"]
[WhiteElo "2333"]
[BlackElo "2367"]
[WhiteFideId "1106686"]
[BlackFideId "4131827"]
[EventDate "2018.12.26"]

1. d4 d5 2. Bf4 Nf6 3. e3 c5 4. c3 Nc6 5. Nd2 Bf5 6. Qb3 Qd7 7. Ngf3 c4 8. Qd1
e6 9. Be2 h6 10. O-O Bd6 11. Bxd6 Qxd6 12. b3 b5 13. a4 b4 14. Rc1 cxb3 15. Nxb3
O-O 16. cxb4 Nxb4 17. Nc5 Rab8 18. Qd2 Rfc8 19. Bb5 a5 20. Ne5 Rxc5 21. Rxc5 Ne4
22. Qc1 Nxc5 23. Qxc5 Qxc5 24. dxc5 Rc8 25. g4 Bc2 26. Nd7 f6 27. Rc1 Kf7 28. c6
Ke7 29. Nb6 Rc7 30. Na8 Ra7 31. Nb6 Kd8 32. Nd7 Kc7 33. Nc5 e5 34. Ne6+ Kd6 35.
c7 Ra8 36. Nxg7 Kxc7 37. Nf5 Kb6 38. Nxh6 d4 39. exd4 exd4 40. Nf5 d3 41. Ne3
Rc8 42. Nf1 Na2 43. Re1 Kc5 44. Re4 Kd5 45. Re7 Kd4 46. Rd7+ Kc3 47. h4 Nc1 48.
g5 fxg5 49. hxg5 Rg8 50. Rd5 Ne2+ 51. Kh2 Rh8+ 0-1

[Event "World Rapid Women 2018"]
[Site "St Petersburg RUS"]
[Date "2018.12.28"]
[Round "10.26"]
[White "Zhukova, Natalia"]
[Black "Shafigullina, Zarina"]
[Result "1-0"]
[WhiteTitle "GM"]
[BlackTitle "WFM"]
[WhiteElo "2377"]
[BlackElo "2140"]
[WhiteFideId "14101513"]
[BlackFideId "24174220"]
[EventDate "2018.12.26"]

1. c4 e5 2. Nc3 Nf6 3. Nf3 Nc6 4. g3 d5 5. cxd5 Nxd5 6. Bg2 Be6 7. O-O Be7 8. d4
exd4 9. Nxd4 Nxc3 10. bxc3 Bd5 11. Nxc6 Bxc6 12. Bxc6+ bxc6 13. Qa4 Qd5 14. Bf4
h5 15. h4 Bf6 16. Rfd1 Qe6 17. Bxc7 O-O 18. Qc2 Rac8 19. Bf4 Qc4 20. Rac1 Rfd8
21. e3 Rxd1+ 22. Qxd1 Qxa2 23. Qxh5 Rd8 24. e4 Qb2 25. e5 Rd5 26. Qf5 Rxe5 27.
Qc8+ Kh7 28. Qxc6 Re2 29. Qf3 g6 30. h5 g5 31. Be3 Kg7 32. h6+ Kg6 33. h7 Bg7
34. Qe4+ f5 35. Qe6+ Kxh7 36. Qxf5+ Kg8 37. Rb1 1-0

[Event "World Rapid Women 2018"]
[Site "St Petersburg RUS"]
[Date "2018.12.28"]
[Round "10.27"]
[White "Komiagina, Maria"]
[Black "Mammadzada, Gunay"]
[Result "0-1"]
[WhiteTitle "WIM"]
[BlackTitle "IM"]
[WhiteElo "2234"]
[BlackElo "2422"]
[WhiteFideId "4153987"]
[BlackFideId "13403729"]
[EventDate "2018.12.26"]

1. e4 c5 2. Nf3 d6 3. d4 cxd4 4. Nxd4 Nf6 5. Nc3 a6 6. Bc4 e6 7. Bb3 b5 8. O-O
Be7 9. f4 O-O 10. f5 e5 11. Nde2 Bb7 12. Ng3 Nbd7 13. Bg5 a5 14. a3 b4 15. axb4
axb4 16. Rxa8 Qxa8 17. Bxf6 Nxf6 18. Nd5 Bxd5 19. Bxd5 Qa7+ 20. Kh1 Qe3 21. Rf3
Qc5 22. Rd3 Nxd5 23. Rxd5 Qc4 24. f6 Bxf6 25. Rxd6 Rc8 26. Nh5 Be7 27. Rd7 Qxc2
28. Qg4 Qc1+ 29. Rd1 Bg5 30. Kg1 Qxd1+ 31. Qxd1 Rc1 32. Qxc1 Bxc1 33. b3 Bf4 34.
Nxf4 exf4 35. Kf2 f6 36. Ke2 g5 37. Kd3 Kf7 38. Kc4 g4 39. Kd4 Ke6 0-1

[Event "World Rapid Women 2018"]
[Site "St Petersburg RUS"]
[Date "2018.12.28"]
[Round "10.28"]
[White "Paehtz, Elisabeth"]
[Black "Sviridova, Vlada"]
[Result "1-0"]
[WhiteTitle "IM"]
[BlackTitle "WFM"]
[WhiteElo "2487"]
[BlackElo "2144"]
[WhiteFideId "4641833"]
[BlackFideId "24109606"]
[EventDate "2018.12.26"]

1. d4 d5 2. Bf4 c5 3. e3 Nc6 4. c3 Nf6 5. Nd2 e6 6. Ngf3 Bd6 7. Bg3 O-O 8. Bd3
b6 9. e4 Be7 10. e5 Nh5 11. a3 a5 12. Qe2 g6 13. Nf1 Bb7 14. Ne3 Qc8 15. Ng4 Ba6
16. O-O Bxd3 17. Qxd3 Nxg3 18. fxg3 f5 19. exf6 Bxf6 20. Nxf6+ Rxf6 21. Ng5 Rf5
22. Rxf5 gxf5 23. Re1 Nd8 24. Qb5 Nf7 25. Nxe6 cxd4 26. Nxd4 Qc5 27. Qd7 b5 28.
Qxb5 Qxb5 29. Nxb5 a4 30. Rd1 Ne5 31. Rxd5 Nc4 32. Rxf5 Nxb2 33. h4 Rd8 34. Nd4
Nc4 35. Rg5+ Kf7 36. Rh5 Kg6 37. Rc5 Nxa3 38. Ra5 Nb1 39. Rxa4 Nxc3 40. Ra6+ Kf7
41. Nf3 Rd1+ 42. Kh2 Ne4 43. g4 Nf2 44. Kg3 Ne4+ 45. Kf4 Nc5 46. Ng5+ Kg8 47.
Ra8+ Kg7 48. Ra7+ Kg8 49. Nxh7 Rf1+ 50. Ke3 Ne6 51. g5 Ng7 52. Nf6+ Kf8 53. g4
Nf5+ 54. Ke2 Ng3+ 55. Kd3 Rf3+ 56. Kc4 Rf4+ 57. Kd5 Ne2 58. Ke5 Rf3 59. Ke4 Rh3
60. h5 Rb3 61. g6 Ng3+ 62. Kd5 Nxh5 63. Rf7# 1-0

[Event "World Rapid Women 2018"]
[Site "St Petersburg RUS"]
[Date "2018.12.28"]
[Round "10.29"]
[White "Mamedjarova, Turkan"]
[Black "Dumcheva, Julia"]
[Result "1-0"]
[WhiteTitle "WGM"]
[BlackTitle "WFM"]
[WhiteElo "2295"]
[BlackElo "2168"]
[WhiteFideId "13402005"]
[BlackFideId "24143375"]
[EventDate "2018.12.26"]

1. d4 Nf6 2. Nf3 g6 3. g3 Bg7 4. Bg2 O-O 5. O-O d6 6. c4 Nc6 7. Nc3 e5 8. d5 Nb8
9. e4 a5 10. h3 Na6 11. Be3 b6 12. Qd2 Nc5 13. Nh2 Nh5 14. g4 Nf6 15. f4 exf4
16. Bxf4 Nfd7 17. Nf3 Ba6 18. b3 Qe7 19. Nd4 Ne5 20. Bg5 f6 21. Be3 Rae8 22.
Rad1 Bc8 23. Qe2 Bd7 24. a3 Ra8 25. b4 axb4 26. axb4 Na4 27. Ncb5 Rfc8 28. Qc2
c6 29. dxc6 Bxc6 30. Qb3 Bxb5 31. cxb5+ Qf7 32. Qxf7+ Kxf7 33. Nc6 Ke6 34. Bd4
Bh6 35. h4 g5 36. h5 Bf8 37. Rf5 h6 38. Bf1 Bg7 39. Bxe5 fxe5 40. Bc4+ 1-0

[Event "World Rapid Women 2018"]
[Site "St Petersburg RUS"]
[Date "2018.12.28"]
[Round "10.30"]
[White "Chernyak, Viktoria"]
[Black "Kovanova, Baira"]
[Result "0-1"]
[WhiteTitle "WFM"]
[BlackTitle "WGM"]
[WhiteElo "2186"]
[BlackElo "2352"]
[WhiteFideId "24165956"]
[BlackFideId "4164083"]
[EventDate "2018.12.26"]

1. d4 Nf6 2. Nf3 e6 3. c4 Bb4+ 4. Bd2 Qe7 5. e3 Bxd2+ 6. Nbxd2 d6 7. Qc2 e5 8.
d5 Nbd7 9. Be2 a5 10. b3 Nc5 11. h3 g6 12. a3 Bf5 13. Qc3 O-O 14. O-O b6 15. b4
Nce4 16. Nxe4 Nxe4 17. Qb2 Bd7 18. Rac1 f5 19. Rfe1 f4 20. Bd3 Ng5 21. Nxg5 Qxg5
22. exf4 Rxf4 23. Re3 Raf8 24. Rf1 axb4 25. axb4 Bf5 26. Bxf5 R4xf5 27. Qe2 Qh4
28. Re4 Qf6 29. Qe3 Qf7 30. Qe2 Ra8 31. Qc2 Rf4 32. Rxf4 Qxf4 33. g3 Qf3 34. Qd2
Qe4 35. Rc1 Qf5 36. Kg2 e4 37. Qe3 Ra2 38. Re1 Rc2 39. Qd4 h5 40. h4 Qf3+ 41.
Kg1 Kh7 42. Ra1 e3 43. Qxe3 Qxe3 44. fxe3 Rxc4 45. Kf2 Kg7 46. Kf3 Kf6 47. Rd1
b5 48. Ra1 Rxb4 49. Ra7 Rc4 50. Rb7 b4 51. Rb8 Ke5 52. e4 Rc3+ 53. Kf2 b3 54.
Rb4 Kf6 55. Rb7 Ke7 56. Rb4 Kd7 57. Rb8 Ke7 58. Rb7 Kf6 59. Rb8 g5 60. hxg5+
Kxg5 61. Rg8+ Kf6 62. Rb8 Kg7 63. Rb7 Kg6 64. Rb8 Kf6 65. Rb7 Kg5 66. Rb8 Kg4
67. Rg8+ Kh3 68. Rh8 b2 69. Rb8 Rxg3 70. Kf1 Rg2 71. e5 dxe5 72. d6 cxd6 73.
Rb3+ Kh2 0-1

[Event "World Rapid Women 2018"]
[Site "St Petersburg RUS"]
[Date "2018.12.28"]
[Round "10.31"]
[White "Nebolsina, Vera"]
[Black "Vega Gutierrez, Sabrina"]
[Result "1/2-1/2"]
[WhiteTitle "WGM"]
[BlackTitle "IM"]
[WhiteElo "2242"]
[BlackElo "2390"]
[WhiteFideId "4163591"]
[BlackFideId "2219026"]
[EventDate "2018.12.26"]

1. e4 c5 2. Nc3 e6 3. Nf3 a6 4. g3 b5 5. Bg2 Bb7 6. d3 d6 7. O-O Nc6 8. Re1 Be7
9. d4 cxd4 10. Nxd4 Qc7 11. Nxc6 Bxc6 12. Bf4 b4 13. Ne2 e5 14. Bd2 a5 15. a3
Rb8 16. axb4 axb4 17. Nc1 Nf6 18. Nd3 Qb7 19. Nxb4 Bxe4 20. Rxe4 Nxe4 21. Qg4 d5
22. Bxe4 dxe4 23. Qxg7 Kd7 24. Qxe5 Bxb4 25. Bxb4 Qxb4 26. Ra7+ Kc6 27. Qf6+ Kb5
28. Qe5+ Kc6 29. Qf6+ Kb5 30. Qe5+ 1/2-1/2

[Event "World Rapid Women 2018"]
[Site "St Petersburg RUS"]
[Date "2018.12.28"]
[Round "10.32"]
[White "Smirnova, Ekaterina"]
[Black "Shvayger, Yuliya"]
[Result "0-1"]
[WhiteTitle "WFM"]
[BlackTitle "IM"]
[WhiteElo "2192"]
[BlackElo "2393"]
[WhiteFideId "4110943"]
[BlackFideId "14100126"]
[EventDate "2018.12.26"]

1. d4 Nf6 2. c4 e6 3. Nc3 Bb4 4. a3 Bxc3+ 5. bxc3 O-O 6. e3 Nc6 7. Bd3 e5 8. f3
b6 9. Ne2 Ba6 10. O-O d6 11. e4 Na5 12. f4 exd4 13. e5 Nd7 14. cxd4 Bxc4 15.
Bxc4 Nxc4 16. Qa4 Na5 17. Bd2 dxe5 18. Bxa5 bxa5 19. dxe5 Nb6 20. Qc2 a4 21. f5
Qe7 22. f6 Qxe5 23. fxg7 Rfe8 24. Ng3 Re6 25. Rad1 Rae8 26. Rf2 Nd5 27. Nf5 Ne3
28. Nxe3 Qxe3 29. Qf5 R6e7 30. h3 Qxa3 31. Rd3 Qa1+ 32. Rf1 Qe5 33. Qf3 c5 34.
Kh1 c4 35. Rd5 Qe4 36. Qh5 Qg6 37. Qh4 Re2 38. Rg5 Qe6 39. Rh5 Qe4 40. Qg5 c3
41. Rh4 Qg6 42. Qd5 c2 43. Rg4 Qe6 44. Qd3 Re1 45. Rc4 Rxf1+ 46. Qxf1 Qe2 47.
Kg1 a3 48. Rc7 Qxf1+ 49. Kxf1 a2 0-1

[Event "World Rapid Women 2018"]
[Site "St Petersburg RUS"]
[Date "2018.12.28"]
[Round "10.33"]
[White "Badelka, Olga"]
[Black "Petrova, Irina"]
[Result "0-1"]
[WhiteTitle "WIM"]
[BlackTitle "WIM"]
[WhiteElo "2385"]
[BlackElo "2124"]
[WhiteFideId "13509926"]
[BlackFideId "14124122"]
[EventDate "2018.12.26"]

1. d4 d5 2. c4 c6 3. Nf3 Nf6 4. Nc3 e6 5. Bg5 h6 6. Bh4 dxc4 7. e4 g5 8. Bg3 b5
9. a3 Bb7 10. Be2 Nbd7 11. h4 g4 12. Ne5 h5 13. f3 gxf3 14. Bxf3 a6 15. O-O Rg8
16. Bxh5 Rxg3 17. Nxf7 Qb6 18. e5 Nxh5 19. Qxh5 Qxd4+ 20. Kh2 Qg4 21. Nd6+ Kd8
22. Nxb7+ Kc7 23. Qxg4 Rxg4 24. Rf7 Rxh4+ 25. Kg3 Rd4 26. Rd1 Rxd1 27. Nxd1 Rb8
28. Nd6 Bxd6 29. exd6+ Kxd6 30. Nc3 Rg8+ 31. Kf2 Ne5 32. Ra7 Nd3+ 33. Kf3 Nxb2
34. Rxa6 Kc7 35. Ne4 Nd3 36. Ra7+ Kb6 37. Re7 Ra8 38. g4 Rxa3 39. Ke2 Nc5 40.
Nd6 c3 41. g5 Ra2+ 42. Kf3 c2 43. Nc8+ Ka5 44. Ra7+ Na6 0-1

[Event "World Rapid Women 2018"]
[Site "St Petersburg RUS"]
[Date "2018.12.28"]
[Round "10.34"]
[White "Munkhzul, Turmunkh"]
[Black "Vasilevich, Irina"]
[Result "1-0"]
[WhiteTitle "WFM"]
[BlackTitle "IM"]
[WhiteElo "2255"]
[BlackElo "2258"]
[WhiteFideId "4901878"]
[BlackFideId "4141296"]
[EventDate "2018.12.26"]

1. e4 c5 2. Nf3 e6 3. d4 cxd4 4. Nxd4 Nc6 5. Nc3 a6 6. Nxc6 bxc6 7. Bd3 d5 8.
O-O Nf6 9. Qf3 Be7 10. Bf4 d4 11. Ne2 Bb7 12. e5 Nd7 13. Nxd4 Qc7 14. Be4 Rc8
15. Qg3 g5 16. Bd2 Qxe5 17. Qxe5 Nxe5 18. Bc3 Bd6 19. Rad1 Bb8 20. Rfe1 O-O 21.
Nb3 f5 22. Bxe5 Bxe5 23. Bd3 Bxb2 24. Nc5 Ba8 25. Nxe6 Rf6 26. Bxa6 Re8 27. Bc4
Kh8 28. Nxg5 Rb8 29. Re7 Rh6 30. Nf7+ Kg7 31. Nxh6+ Kxh6 32. Rb1 c5 33. Kf1 Be4
34. Bd3 Bd5 35. c4 Bg8 36. Re2 Rd8 37. Rexb2 Rxd3 38. Rc1 Ra3 39. Ke2 Kg5 40.
Rcc2 Ra4 41. Kd3 Be6 42. Rb5 f4 43. Rxc5+ Bf5+ 44. Kd4 1-0

[Event "World Rapid Women 2018"]
[Site "St Petersburg RUS"]
[Date "2018.12.28"]
[Round "10.35"]
[White "Sudakova, Irina"]
[Black "Doan, Thi Van Anh"]
[Result "1-0"]
[WhiteTitle "WGM"]
[BlackTitle "WFM"]
[WhiteElo "2313"]
[BlackElo "1950"]
[WhiteFideId "4129903"]
[BlackFideId "12400491"]
[EventDate "2018.12.26"]

1. e4 c6 2. d4 d5 3. e5 c5 4. dxc5 e6 5. Be3 Nc6 6. Nf3 Nge7 7. c3 Ng6 8. Bb5
Qc7 9. Bd4 Bd7 10. Bxc6 Qxc6 11. b4 Qa6 12. a4 Nf4 13. Qd2 Nd3+ 14. Kd1 Bxa4+
15. Rxa4 Qxa4+ 16. Ke2 Nxc5 17. bxc5 Bxc5 18. Bxc5 Qc4+ 19. Qd3 Qxc5 20. Nbd2 a5
21. Rb1 Ra7 22. Nb3 Qc7 23. Nbd4 Qd7 24. Nb5 Ra6 25. Nd6+ Rxd6 26. exd6 O-O 27.
Rb6 a4 28. Qb5 Qd8 29. Rxb7 Qxd6 30. Qxa4 h6 31. Qb4 Qa6+ 32. Qb5 Qa2+ 33. Nd2
Qc2 34. Qb4 Qg6 35. Rb8 Rxb8 36. Qxb8+ Kh7 37. Qg3 Qh5+ 38. Nf3 Qf5 39. Nd4 Qe4+
40. Kd2 g6 41. Qf3 Qxf3 42. Nxf3 g5 43. Ke3 Kg7 44. Kd4 Kf6 45. Ne5 Ke7 46. g4
f6 47. Nd3 Kd6 48. f3 e5+ 49. Ke3 Kc6 50. Nc1 Kc5 51. Kd3 Kb5 52. Ne2 Kc5 53.
Ng3 Kd6 54. Nf5+ Ke6 55. Nxh6 Kd6 56. Nf5+ Ke6 57. Ne3 Kd6 58. c4 d4 59. Nf5+
Kc5 60. h3 Kc6 61. Nxd4+ 1-0

[Event "World Rapid Women 2018"]
[Site "St Petersburg RUS"]
[Date "2018.12.28"]
[Round "10.36"]
[White "Nazarova, Anastasia"]
[Black "Styazhkina, Anna"]
[Result "0-1"]
[WhiteTitle "WFM"]
[BlackTitle "WIM"]
[WhiteElo "2157"]
[BlackElo "2274"]
[WhiteFideId "34101737"]
[BlackFideId "24119300"]
[EventDate "2018.12.26"]

1. e4 e5 2. Nf3 Nc6 3. Nc3 Nf6 4. d4 exd4 5. Nxd4 Bb4 6. Nxc6 bxc6 7. Bd3 O-O 8.
O-O Re8 9. Qf3 Rb8 10. Bg5 Be7 11. Rab1 h6 12. Be3 d6 13. Bxa7 Ra8 14. Bd4 c5
15. Be3 c6 16. h3 Be6 17. b3 d5 18. e5 Nd7 19. Bf4 Qa5 20. Bg3 Kh8 21. Na4 c4
22. Bf5 cxb3 23. axb3 Qc7 24. Rfe1 Kg8 25. Bxe6 fxe6 26. Qg4 Bc5 27. Bf4 Kh8 28.
Qh5 Bf8 29. Re3 Nc5 30. Nxc5 Bxc5 31. Rg3 Rf8 32. Rf3 Rf5 33. Qg6 Raf8 34. g3
Qd7 35. h4 Rxe5 36. b4 Bb6 37. Bxe5 Rxf3 38. Rf1 Kg8 39. c3 Qf7 40. Qxf7+ Kxf7
41. Kg2 Rd3 42. f4 Rd2+ 43. Kf3 Ra2 44. h5 Ra3 45. Kg4 g6 46. hxg6+ Kxg6 47. f5+
exf5+ 48. Rxf5 Bd8 49. Rf8 Bg5 50. Rg8+ Kf7 51. Rc8 Ra6 52. Bd4 Ke6 53. Re8+ Kd7
54. Rh8 Ra2 55. Kf5 Rg2 56. Rh7+ Kc8 57. Be5 Rf2+ 58. Ke6 Bd8 59. Rxh6 Re2 60.
Rh5 Bc7 61. g4 Re4 62. Rf5 Bxe5 63. Rxe5 Rxg4 64. Re3 Re4+ 0-1

[Event "World Rapid Women 2018"]
[Site "St Petersburg RUS"]
[Date "2018.12.28"]
[Round "10.37"]
[White "Danielian, Elina"]
[Black "Yurasova, Daria"]
[Result "1-0"]
[WhiteTitle "GM"]
[WhiteElo "2427"]
[BlackElo "2190"]
[WhiteFideId "13300210"]
[BlackFideId "34146919"]
[EventDate "2018.12.26"]

1. d4 d5 2. Bf4 Nf6 3. e3 Bf5 4. Nf3 e6 5. c4 Bd6 6. Bg3 Ne4 7. Qb3 Nxg3 8. hxg3
dxc4 9. Bxc4 Nd7 10. Nc3 O-O 11. e4 Bg6 12. Rd1 a6 13. Be2 b5 14. Nh4 Qg5 15.
Nxg6 Qxg6 16. e5 Bxe5 17. dxe5 Nxe5 18. Qb4 Rfd8 19. O-O Qc2 20. Qc5 Ng6 21. Bf3
Rxd1 22. Rxd1 Rf8 23. b4 Qb2 24. Bh5 Qa3 25. Bxg6 hxg6 26. Ne4 Qxa2 27. Ng5 Qe2
28. Rd7 Qg4 29. Rd4 Qe2 30. Rh4 Qd2 31. Rh8+ 1-0

[Event "World Rapid Women 2018"]
[Site "St Petersburg RUS"]
[Date "2018.12.28"]
[Round "10.38"]
[White "Atalik, Ekaterina"]
[Black "Drozdova, Dina"]
[Result "0-1"]
[WhiteTitle "IM"]
[BlackTitle "WIM"]
[WhiteElo "2447"]
[BlackElo "2178"]
[WhiteFideId "4130189"]
[BlackFideId "4170695"]
[EventDate "2018.12.26"]

1. Nf3 Nf6 2. c4 c5 3. e3 e6 4. d4 cxd4 5. Nxd4 Bb4+ 6. Bd2 Be7 7. Nc3 O-O 8.
Be2 Nc6 9. O-O a6 10. Rc1 d6 11. Nxc6 bxc6 12. e4 e5 13. Be3 Be6 14. Qd2 Nd7 15.
b3 Qb8 16. Rfd1 Rd8 17. h3 Nf6 18. Bf3 Qb7 19. g4 Nd7 20. Bg2 Nf8 21. Ne2 Ng6
22. Ng3 Bf8 23. Nf5 a5 24. c5 d5 25. exd5 Bxd5 26. Qe2 Bxg2 27. Kxg2 a4 28. Rxd8
Rxd8 29. Qc4 axb3 30. axb3 Qd7 31. b4 h5 32. Qe4 hxg4 33. hxg4 Ne7 34. Nxe7+
Bxe7 35. Rh1 g6 36. g5 Bf8 37. Qxe5 Qg4+ 38. Qg3 Qxb4 39. Qf3 Qa4 40. Rb1 Rd5
41. Rb6 Rf5 42. Qxc6 Qg4+ 43. Kh2 Rf3 44. Qxf3 Qxf3 45. Rb8 Qe4 46. Rd8 Qe7 47.
Rd5 Bg7 48. Kg1 Qc7 49. Rd1 Be5 50. Rd5 Bf4 51. Bd4 f5 52. gxf6 Kf7 53. Kf1 Ke6 0-1

[Event "World Rapid Women 2018"]
[Site "St Petersburg RUS"]
[Date "2018.12.28"]
[Round "10.39"]
[White "Kabanova, Ekaterina"]
[Black "Guseva, Marina"]
[Result "1-0"]
[WhiteTitle "WFM"]
[BlackTitle "IM"]
[WhiteElo "2095"]
[BlackElo "2408"]
[WhiteFideId "24112917"]
[BlackFideId "4149351"]
[EventDate "2018.12.26"]

1. c4 c6 2. e3 d5 3. Nf3 Nf6 4. Qc2 e6 5. a3 Bd6 6. Be2 O-O 7. b3 e5 8. d3 Re8
9. Nbd2 Bf5 10. Nh4 Be6 11. Nhf3 Nbd7 12. Bb2 a5 13. O-O h6 14. h3 Bf5 15. e4
dxe4 16. Nxe4 Bc7 17. b4 Bh7 18. Rad1 Qe7 19. Bc3 axb4 20. axb4 Nb6 21. Rfe1
Nxc4 22. Bf1 Nxe4 23. dxe4 Nb6 24. b5 Qc5 25. bxc6 bxc6 26. Rc1 Na4 27. Ba1 Ba5
28. Qd1 Qb6 29. Re3 Nc5 30. Nxe5 Nxe4 31. Bc4 Ng5 32. h4 Red8 33. Qg4 Bd2 34.
Rb3 Qc7 35. Nxf7 Bxc1 36. Nxd8+ Kh8 37. Nf7+ Kg8 38. Nxg5+ Kh8 39. Nf7+ 1-0